00352nam a2200133Ia 4500008004100000020001500041041001200056100001700068245006000085260003300145300000800178650001600186700001600202221030s9999 xx 000 0 und d a8126530632 aEnglish aJ. W. Lowery 0aHTML 5 : 24 Hours Trainercby J. W. Lowery, M. Fletcher bWilley Pub.aNew Delhic2011 a300 aBE Computer aM. Fletcher